000 01486nam a2200433Ia 4500
001 2454
003 5014
005 20250315062916.0
008 ||||||n9999 ||| || ||
041 _aspa
082 _219
_a323042
100 _aUribe Vargas, Diego, 1931-
_94656
245 0 _aColombia hacia una sociedad participante
_cDiego Uribe Vargas ... [et. al.]
260 _aBogotá :
_bTERCE,
_c1973.
300 _a259p
505 _aPresentacion / Ciro Alfonso Ruiz ; Aspectos teoricos del proceso de participacion / Horacio H. Godoy ; La participacion en Chile / Paul Oquist ; Aspectos economicos, sociales, culturales y politicos de la participacion en Colombia / Hernando Roa Suarez ; Estructura social y participacion politica / Oswaldo Enciso Marín ; Supuestos de la participación política en Colombia / Alberto Mendoza Morales ; Supuestos políticos de la participación / Diego Uribe Vargas
562 _e2
650 0 _aCiencias políticas
_9939
650 0 _aCondiciones sociales
_91437
650 0 _aDemocracia participativa
_94791
650 0 _aPartidos políticos
_93466
650 0 _aPolítica social
_92798
942 _cBKM
999 _c2454
_d2454
526 _a102618
526 _a15794
526 _a102619
526 _a102620
526 _a10406
526 _a105630
526 _a1698
526 _a116204
526 _a4969
526 _a19790
526 _a104436
526 _a5144
526 _a51868
526 _a1703
526 _a1697